[Event "Dieren op"]
[Site "Dieren"]
[Date "2022.07.26"]
[Round "1"]
[White "Stillger, Bernhard"]
[Black "Bus, Tom"]
[Result "1-0"]
[WhiteElo "2245"]
[BlackElo "2102"]
[PlyCount "67"]
[EventDate "2022.07.26"]
[EventType "swiss"]
[EventRounds "9"]
[EventCountry "NED"]
[SourceTitle "CBM 209 Extra"]
[Source "ChessBase"]
[SourceDate "2022.09.30"]
[SourceVersion "1"]
[SourceVersionDate "2022.09.30"]
[SourceQuality "1"]

1. d4 Nf6 2. Nf3 d5 3. Bf4 e6 4. e3 Bd6 5. Bxd6 Qxd6 6. Nbd2 0-0 7. c4 Nbd7 8. Be2 b6 9. 0-0 Bb7 10. Rc1 c5 11. cxd5 exd5 12. dxc5 bxc5 13. Qa4 Qb6 14. b3 Bc6 15. Qf4 Rfe8 16. Bd3 Bb5 17. Bxb5 Qxb5 18. Rc2 a5 19. Rfc1 a4 20. h3 h6 21. Kh1 Qb8 22. Qxb8 Rexb8 23. g4 Rb4 24. Kg2 Ra5 25. Ne1 axb3 26. Nxb3 Rxa2 27. Rxa2 Rxb3 28. Nf3 Rd3 29. Rb1 g6 30. Rb7 Kf8 31. Raa7 Ke8 32. Rxd7 Nxd7 33. Rxd7 d4 34. Rd5 1-0

[Event "BL2-West 1819"]
[Site "Germany"]
[Date "2019.04.07"]
[Round "9.6"]
[White "Bus, Tom"]
[Black "Haubt, Georg"]
[Result "1/2-1/2"]
[WhiteElo "2125"]
[BlackElo "2153"]
[PlyCount "129"]
[EventDate "2018.11.21"]
[EventType "team-tourn"]
[EventRounds "9"]
[EventCountry "GER"]
[SourceTitle "CBM 190 Extra"]
[Source "ChessBase"]
[SourceDate "2019.07.15"]
[SourceVersion "1"]
[SourceVersionDate "2019.07.15"]
[SourceQuality "1"]
[WhiteTeam "Muelheim Nord II"]
[BlackTeam "Oberursel"]
[WhiteTeamCountry "GER"]
[BlackTeamCountry "GER"]

1. e4 d5 2. exd5 Qxd5 3. Nc3 Qd6 4. d4 Nf6 5. Nf3 a6 6. g3 b5 7. Bg2 Bb7 8. 0-0 e6 9. Ne5 Bxg2 10. Kxg2 Qb6 11. Qf3 Ra7 12. d5 Bc5 13. Bg5 Nbd7 14. Bxf6 Nxf6 15. Ne4 Be7 16. Nc6 Nxd5 17. Nxa7 Qxa7 18. a4 b4 19. c4 Nb6 20. b3 0-0 21. Rad1 f5 22. Nd2 Nd7 23. Rfe1 Nc5 24. Qc6 Qa8 25. Qxa8 Rxa8 26. Nf3 Bf6 27. Ne5 Re8 28. Nd3 Nxb3 29. Nxb4 Nc5 30. Nd3 Nxa4 31. Ne5 Nc5 32. Ra1 Ra8 33. Ra2 Ne4 34. Nc6 Kf7 35. f3 Nd6 36. Ra4 Nb7 37. Rb1 Nd8 38. Rb8 Rxb8 39. Nxb8 Bd4 40. Nxa6 c6 41. Nb4 Ke7 42. Ra8 Bc5 43. Nd3 Bd4 44. Nb4 Bc5 45. Na6 Bd4 46. c5 e5 47. Rc8 e4 48. fxe4 fxe4 49. Nb4 Bxc5 50. Nxc6+ Kd7 51. Rxd8+ Kxc6 52. Kf1 Bb6 53. Rh8 h6 54. Rg8 Bd4 55. Rd8 Kc5 56. Ke2 Kc4 57. g4 Kc5 58. Rd7 Kc4 59. h4 Kc5 60. h5 Kc4 61. Kd2 Kc5 62. Kc2 Be5 63. Kd2 Bd4 64. Ke2 Kc4 65. Kd2 1/2-1/2

[Event "BL2-West 1819"]
[Site "Germany"]
[Date "2019.02.24"]
[Round "7.8"]
[White "Bus, Tom"]
[Black "Juegel, Marcel"]
[Result "1-0"]
[WhiteElo "2125"]
[BlackElo "2204"]
[PlyCount "103"]
[EventDate "2018.11.21"]
[EventType "team-tourn"]
[EventRounds "9"]
[EventCountry "GER"]
[SourceTitle "CBM 190 Extra"]
[Source "ChessBase"]
[SourceDate "2019.07.15"]
[SourceVersion "1"]
[SourceVersionDate "2019.07.15"]
[SourceQuality "1"]
[WhiteTeam "Muelheim Nord II"]
[BlackTeam "Aachen DJK II"]
[WhiteTeamCountry "GER"]
[BlackTeamCountry "GER"]

1. Nf3 e6 2. g3 b6 3. Bg2 Bb7 4. 0-0 f5 5. c4 Nf6 6. d4 g6 7. Nc3 Bg7 8. d5 0-0 9. Bf4 Na6 10. Rc1 Re8 11. dxe6 dxe6 12. Qxd8 Raxd8 13. Ne5 Ne4 14. Nxe4 fxe4 15. h4 c5 16. Rfd1 Nb8 17. Bh3 Rd4 18. e3 Bxe5 19. Bxe5 Rxd1+ 20. Rxd1 Nc6 21. Bc3 Kf7 22. Rd7+ Re7 23. Rd6 e5 24. g4 Re6 25. Rd7+ Re7 26. g5 Bc8 27. Rxe7+ Nxe7 28. Bxc8 Nxc8 29. Bxe5 Ke6 30. Bg3 Kf5 31. Kf1 Kg4 32. Ke2 Ne7 33. Bb8 Nc6 34. Bg3 Nb4 35. Bb8 Nc6 36. Bg3 Na5 37. b3 Nc6 38. Bf4 Nb4 39. a3 Nc6 40. Kd2 Kxh4 41. Kc3 Kg4 42. b4 Kf5 43. Kb3 a6 44. b5 axb5 45. cxb5 Na5+ 46. Kc3 Ke6 47. Bc7 Kd5 48. a4 Nc4 49. Bd8 Nd6 50. Bxb6 Nc8 51. Bc7 Na7 52. b6 1-0

[Event "Oberliga NRW 1718"]
[Site "Germany"]
[Date "2018.04.08"]
[Round "8.6"]
[White "Bus, Tom"]
[Black "Molinaroli, Martin"]
[Result "1-0"]
[WhiteElo "2096"]
[BlackElo "2185"]
[PlyCount "87"]
[EventDate "2017.09.17"]
[EventType "team-tourn"]
[EventRounds "9"]
[EventCountry "GER"]
[SourceTitle "EXT 2019"]
[Source "ChessBase"]
[SourceDate "2018.10.10"]
[SourceVersion "1"]
[SourceVersionDate "2018.10.10"]
[SourceQuality "1"]
[WhiteTeam "Muelheim Nord II"]
[BlackTeam "Muenster"]
[WhiteTeamCountry "GER"]
[BlackTeamCountry "GER"]

1. c4 g6 2. g3 Bg7 3. Bg2 c5 4. Nc3 Nc6 5. a3 d6 6. Nf3 Nf6 7. 0-0 0-0 8. Rb1 a5 9. d3 d5 10. cxd5 Nxd5 11. Nxd5 Qxd5 12. Be3 Qh5 13. Qa4 Bd7 14. Qb5 Rac8 15. Qxb7 Rfd8 16. Rfc1 Rb8 17. Qc7 Rbc8 18. Qb6 Rb8 19. Qxc5 Bxb2 20. Rd1 Qxc5 21. Bxc5 Rb5 22. Nd2 Rdb8 23. Bxc6 Bxc6 24. Bxe7 Re8 25. Bd6 Rxe2 26. Kf1 Re6 27. Nc4 Bd4 28. a4 Rxb1 29. Rxb1 Bxa4 30. Rb8+ Kg7 31. Bf8+ Kf6 32. Nd6 Bc6 33. Rc8 Bf3 34. Rc7 Kg5 35. Rxf7 Be2+ 36. Kg2 Be5 37. Ne4+ Kh5 38. Rxh7+ Kg4 39. h3+ Kf5 40. Rf7+ Bf6 41. g4+ Ke5 42. Nxf6 Bxd3 43. Nd7+ Kd5 44. Nc5 1-0

[Event "Oberliga NRW 1718"]
[Site "Germany"]
[Date "2018.03.11"]
[Round "7.5"]
[White "Straeter, Timo"]
[Black "Bus, Tom"]
[Result "1/2-1/2"]
[WhiteElo "2305"]
[BlackElo "2096"]
[PlyCount "157"]
[EventDate "2017.09.17"]
[EventType "team-tourn"]
[EventRounds "9"]
[EventCountry "GER"]
[SourceTitle "EXT 2019"]
[Source "ChessBase"]
[SourceDate "2018.10.10"]
[SourceVersion "1"]
[SourceVersionDate "2018.10.10"]
[SourceQuality "1"]
[WhiteTeam "Wattenscheid"]
[BlackTeam "Muelheim Nord II"]
[WhiteTeamCountry "GER"]
[BlackTeamCountry "GER"]

1. d4 Nf6 2. Nf3 g6 3. Bg5 Bg7 4. Nbd2 d5 5. e3 0-0 6. Bd3 Nbd7 7. 0-0 Re8 8. c4 c5 9. cxd5 cxd4 10. Nxd4 Nxd5 11. Rc1 Ne5 12. Be2 h6 13. Bh4 a6 14. Qb3 Nf4 15. exf4 Qxd4 16. fxe5 Qxh4 17. f4 Be6 18. Qe3 Rac8 19. Nf3 Qh5 20. h3 Bxa2 21. Ng5 Qxe2 22. Qxe2 hxg5 23. Qf3 gxf4 24. b3 Bxe5 25. Kh1 Bf6 26. Rfd1 Kg7 27. Rxc8 Rxc8 28. Qxb7 Rc3 29. b4 Bc4 30. Qb8 f3 31. gxf3 Be2 32. Rd8 Bxf3+ 33. Kg1 Kh7 34. Rd2 Bg5 35. Rd8 Bf6 36. Rf8 Bd4+ 37. Kh2 Bd5 38. h4 Re3 39. Qe8 Re2+ 40. Kh3 Bg2+ 41. Kg4 f5+ 42. Rxf5 gxf5+ 43. Kxf5 Be4+ 44. Kg4 Bg6 45. Qd7 Kh6 46. Kf3 Re3+ 47. Kg2 Re2+ 48. Kf1 Re4 49. Qc6 Bf6 50. Qxa6 Rxb4 51. h5 Rf4+ 52. Kg2 Bxh5 53. Qc8 Kg7 54. Qc7 Rf5 55. Qd7 Bg6 56. Kg1 Kf7 57. Kg2 Kg7 58. Kg1 Rf4 59. Qe6 Be4 60. Qd7 Bf3 61. Qc7 Rg4+ 62. Kf2 Bd5 63. Ke2 Rg5 64. Qd7 Bf7 65. Ke3 e5 66. Ke4 Rg1 67. Kf3 Rf1+ 68. Ke2 Rf4 69. Qc7 Rc4 70. Qd7 Rd4 71. Qc7 Kg6 72. Qc8 Bd5 73. Qc2+ e4 74. Qc7 Be6 75. Qg3+ Bg5 76. Qe5 Bg4+ 77. Kf2 e3+ 78. Kg3 Bf4+ 79. Kh4 1/2-1/2